000
00301nam a22001337a 4500
008
181022b xxu||||| |||| 00| 0 eng d
020
_a
9780321743268
041
_a
eng
080
_2
9th
_a
611
100
_a
6
101
_a
ANA
245
_a
Human Anatomy & Physiology
_c
Marieb, E.N
942
_2
udc
_c
BK
999
_c
50520
_d
50520